000 00843cam a2200301 4500
001 M2120
008 090401t1996 xxu||||| |||| 00| 0 eng d
035 _a(Sirsi) u36579
041 _aeng
050 _a690.24
090 _aRICS 1996/47AC
110 _aRoyal Institution of Chartered Surveyors
_94900
245 _aConsultation document : fire damage reinstatement.
260 _aLondon
_bRICS
_c1996
300 _a26p,9p. ; 30cm.
350 _a0
520 _aFor final version see 0854068007 1996/116.
650 _aCONSULTATION DOCUMENT
650 _aDRAFT GUIDANCE
650 _aFIRE DAMAGE REINSTATEMENT
650 _aFIRE DAMAGE
650 _aInsurance
_96249
650 _aLOSS ADJUSTMENT
650 _aREPAIRS
690 _aBUILDING AND CONSTRUCTION-REPAIRS AND MAINTENANCE
942 _n0
948 _c04/03/1997
999 _c90339
_d90339